| 000 | 00574nam a2200157Ia 4500 | ||
|---|---|---|---|
| 008 | 090124s9999 xx 000 0 und d | ||
| 082 |
_b6285 _a645 |
||
| 245 | _a श्री मदाहाशंकराचार्य चरित्र | ||
| 250 | _a1 | ||
| 260 | _c1942 | ||
| 300 | _a185 | ||
| 630 | _a श्री मदाहाशंकराचार्य चरित्र | ||
| 700 | _aसुबंध विठ्ठल लक्ष्मण | ||
| 730 | _a श्री मदाहाशंकराचार्य चरित्र | ||
| 942 | _cBOOK | ||
| 999 |
_c120226 _d120226 |
||